Tormenta tropical Nate : determinación de crecientes en la cuenca del río Virilla y estimación del período de retorno para la evaluación y el diseño de futuras obras civiles
Guardado en:
| Autor principal: | |
|---|---|
| Otros Autores: | |
| Formato: | Libro |
| Lenguaje: | Undetermined |
| Publicado: |
[San José], Costa Rica
2021
|
| Materias: |
EDIFICIOS - EFECTO DE LOS DESASTRES - CUENCA DEL RIO VIRILLA (COSTA RICA)
> PRECIPITACION ATMOSFERICA - CUENCA DEL RIO VIRILLA (COSTA RICA)
> ESTABILIZACION DE SUELOS - CUENCA DEL RIO VIRILLA (COSTA RICA)
> BALANCE HIDRICO (HIDROLOGIA) - CUENCA DEL RIO VIRILLA (COSTA RICA)
> CUENCA DEL RIO VIRILLA (COSTA RICA) - CLIMA
|
| Etiquetas: |
Agregar Etiqueta
Sin Etiquetas, Sea el primero en etiquetar este registro!
|
MARC
| LEADER | 00000nam a2200000Ia 4500 | ||
|---|---|---|---|
| 003 | 013357 | ||
| 005 | 20230327144559.0 | ||
| 008 | 140116s9999 xx 000 0 und d | ||
| 040 | |c cru CEDI | ||
| 100 | |a Briceño Montiel, Jerry, 1993 |9 74 | ||
| 245 | |a Tormenta tropical Nate : determinación de crecientes en la cuenca del río Virilla y estimación del período de retorno para la evaluación y el diseño de futuras obras civiles | ||
| 260 | |b [San José], Costa Rica |c 2021 | ||
| 500 | |a Proyecto de graduación (licenciatura en ingeniería civil)--Universidad de Costa Rica. Facultad de Ingeniería. Escuela de Ingeniería Civil | ||
| 501 | |a Director de Proyecto de Graduación: Ing. Alberto Serrano Pacheco, PhD. | ||
| 650 | |x EDIFICIOS - EFECTO DE LOS DESASTRES - CUENCA DEL RIO VIRILLA (COSTA RICA) |x PRECIPITACION ATMOSFERICA - CUENCA DEL RIO VIRILLA (COSTA RICA) |x ESTABILIZACION DE SUELOS - CUENCA DEL RIO VIRILLA (COSTA RICA) |x BALANCE HIDRICO (HIDROLOGIA) - CUENCA DEL RIO VIRILLA (COSTA RICA) |x CUENCA DEL RIO VIRILLA (COSTA RICA) - CLIMA | ||
| 700 | |9 75 |a Serrano Pacheco, Alberto, 1976- |d Director del TFG | ||
| 942 | |c CEDI |h TFG 8508 |6 TFG_8508_000000000000000 | ||
| 999 | |c 21859 |d 21859 | ||
